Statistics for Biggest Cities in Countries Starting with 'J'

Click here to take the quiz!

General Stats

  • This quiz has been taken 63 times
  • The average score is 8 of 14

Answer Stats

PopulationCountryCity% Correct
40,400,000JapanTokyo
100%
17,700,000JapanOsaka
98%
5,600,000JordanAmman
82%
1,880,000JapanHiroshima
80%
10,500,000JapanNagoya
76%
2,500,000JapanSapporo
76%
2,750,000JapanFukuoka
71%
1,500,000JapanSendai
43%
2,000,000JapanKitakyushu
33%
2,200,000JapanOkayama
33%
1,310,000JapanHamamatsu
29%
1,210,000JapanNaha
24%
1,150,000JapanKumamoto
22%
1,140,000JapanShizuoka
20%

Score Distribution

Percentile by Number Answered

Percent of People with Each Score

Your Score History

You have not taken this quiz